Топ 10 самых популярных языков в мире - Statistics

General Stats
  • This quiz has been taken 14 times
  • The average score is 8 of 10
Answer Stats
Говорящие Язык % Correct
1.452 млрд АНГЛИЙСКИЙ
100%
258 млн РУССКИЙ
100%
602 млн ХИНДИ
100%
534 млн ИСПАНСКИЙ
100%
372 млн АРАБСКИЙ
92%
300 млн ФРАНЦУЗСКИЙ
92%
1.118 млрд КИТАЙСКИЙ
92%
223 млн ПОРТУГАЛЬСКИЙ
75%
265 млн БЕНГАЛЬСКИЙ
58%
200 млн ИНДОНЕЗИЙСКИЙ
33%
No matching quizzes found
Score Distribution
Percent of People with Each Score
Percentile by Number Answered
Your Score History
You have not taken this quiz